Normal view
MARC view
- Kingdom of God
Entry Topical Term
001 - CONTROL NUMBER
- control field: 117991
003 - CONTROL NUMBER IDENTIFIER
- control field: NUST
005 - DATE AND TIME OF LATEST TRANSACTION
- control field: 20230917112326.0
008 - FIXED-LENGTH DATA ELEMENTS
- fixed length control field: 230917|| aca||aabn | a|a d
040 ## - CATALOGING SOURCE
- Original cataloging agency: NUST
- Transcribing agency: NUST
150 ## - HEADING--TOPICAL TERM
- Topical term or geographic name entry element: Kingdom of God
- Topical term or geographic name entry element: evil in the world
670 ## - SOURCE DATA FOUND
- Source citation: Work cat.: (NUST)595280: Muhammad Ashraf Chheenah 113616, The New World Order or The kingdom of God on Earth, 2020.
